1390 1271 1059 1720 1935 1393 1692 1212 1056 1708 1197 1602 1788 1390 1443 1280 1797 1356 1297 1691 1063 1159 1310 1908 1071 1321 1239 1553 1288 1005 1836 1565 1837 1489 1997 1365 1263 1815 1895 1942 1337 1235 1186 1603 1732 1205 1895 1199 1691 1866 1868 1746 1755 1706 1281 1616 1910 1195 1640 1571 1407 1939 1546 1032 1827 1923 1128 1826 1228 1533 1178 1128 2000 1184 1121 1010 1531 1830 1088 1312 1761 1610 1904 1773 1968 1642 1453 1233 1094 1092 1172 1744 1052 1780 1436 1055 1327 1086 1100 BCNSPRNW ULIB Ver.6.0+V

เปลี่ยนเป็นภาษาไทย

Change to English
 แสดงรายละเอียดบรรณานุกรม
  กลับหน้าหลัก

Brief Record : Get Marc (ISO 2709) : E-mail record : QR code < ปิดหน้าต่าง
LEADER : 00000nam 2200000uu 4500
001    13399112434
003     ULIB
008    110816s2554||||th 000 0 tha d
020    9786167375540
060 04 WY156^bก492
245 00 การพยาบาลที่เป็นเลิศในการดูแลผู้ป่วยโรคมะเร็ง =^bBestnursing practice in cancer care /^cบรรณาธิการ, วงจันทร์ เพชรพิเชฐเชียร
246 31 Best nursing practice in cancer care
260    [สงขลา] :^bภาควิชาการพยาบาลสูติศาสตร์ คณะพยาบาลศาสตร์มหาวิทยาลัยสงขลานครินทร์,^c2554
300    [10], 361 หน้า :^bภาพประกอบ ;^c25 ซม.
504    มีบรรณานุกรมและดัชนี
650  4 มะเร็ง^xการพยาบาล
650  4 มะเร็ง^xผู้ป่วย^xการดูแล
650  4 เนื้องอก^xผู้ป่วย^xการดูแล
700 0  วงจันทร์ เพชรพิเชฐเชียร,^eบรรณาธิการ
710 2  มหาวิทยาลัยสงขลานครินทร์. ^bภาควิชาการพยาบาลศัลยศาสตร์
945    ^p350^l0^i18506
945    ^p350^l0^i18507
945    ^p350^l0^i18742
945    ^p350^l0^i18743
945    ^p350^l0^i18744
995    กัณชพร
999    ^aใช้งานได้ทุกระบบ
รายการนี้ยังไม่มีแท็ก
คุณยังไม่ได้ล็อกอิน คุณสามารถมีกิจกรรมร่วมกับเว็บไซต์ได้ แต่ต้องล็อกอินก่อน ::
  ล็อกอิน

รายการสื่อสารสนเทศ

ลำดับที่ ประเภท เลขเรียก/บาร์โค้ด สถานที่ สถานะ
1. วิทยาศาสตร์การแพทย์ และสุขภาพ
วิทยาศาสตร์การแพทย์ และสุขภาพ
สถานะ=หนังสือเก่า
WY156 ก492 ฉ.1 
  Barcode: 18506
ห้องสมุดวิทยาเขตนครสวรรค์
►ส่วนจัดเก็บหนังสือเก่า นว.
บนชั้น
  ขอยืม
2. วิทยาศาสตร์การแพทย์ และสุขภาพ
วิทยาศาสตร์การแพทย์ และสุขภาพ
สถานะ=หนังสือเก่า
WY156 ก492 ฉ.2 
  Barcode: 18507
ห้องสมุดวิทยาเขตนครสวรรค์
►ส่วนจัดเก็บหนังสือเก่า นว.
บนชั้น
  ขอยืม
3. วิทยาศาสตร์การแพทย์ และสุขภาพ
วิทยาศาสตร์การแพทย์ และสุขภาพ
สถานะ=หนังสือเก่า
WY156 ก492 ฉ.3 
  Barcode: 18742
ห้องสมุดวิทยาเขตนครสวรรค์
►ส่วนจัดเก็บหนังสือเก่า นว.
บนชั้น
  ขอยืม
4. วิทยาศาสตร์การแพทย์ และสุขภาพ
วิทยาศาสตร์การแพทย์ และสุขภาพ
สถานะ=หนังสือเก่า
WY156 ก492 ฉ.4 
  Barcode: 18743
ห้องสมุดวิทยาเขตนครสวรรค์
►ส่วนจัดเก็บหนังสือเก่า นว.
บนชั้น
  ขอยืม
5. วิทยาศาสตร์การแพทย์ และสุขภาพ
วิทยาศาสตร์การแพทย์ และสุขภาพ
สถานะ=หนังสือเก่า
WY156 ก492 ฉ.5 
  Barcode: 18744
ห้องสมุดวิทยาเขตนครสวรรค์
►ส่วนจัดเก็บหนังสือเก่า นว.
บนชั้น
  ขอยืม

รายการใกล้เคียง
    หัวเรื่อง [มะเร็ง ผู้ป่วย การดูแล]

BibComment


ยังไม่เคยถูกคอมเมนท์

คอมเมนท์ทรัพยากรรายการนี้
  คอมเมนท์: การพยาบาลที่เป็นเ..


 Copyright 2026. Bcnsprnw @Library